Loreto College Library, Kolkata
WEBOPAC (ONLINE PUBLIC ACCESS CATALOGUE)

Tropical geomorphology (Record no. 292)

MARC details
000 -LEADER
fixed length control field 00680nam a2200205Ia 4500
008 - FIXED-LENGTH DATA ELEMENTS--GENERAL INFORMATION
fixed length control field 131103s9999 xx 000 0 und d
020 ## - ISBN | অাই এস বি এন
ISBN | অাই এস বি এন SBN 333900448
040 ## - CATALOGING SOURCE
Original cataloging agency Loreto College
041 ## - LANGUAGE CODE
Language code English
082 ## - DDC | ডিউই
Classification number | বর্গসংখ্যা 551.4/THO
Book Number | গ্রন্থাঙ্ক LCLIB/23,879
100 ## - MAIN ENTRY--PERSONAL NAME | মুখ্য সংলেখ - ব্যাক্তিনাম
Personal name | ব্যাক্তিনাম Thomas , Michael
245 ## - TITLE STATEMENT | অাখ্যা বিবরণী
Title | অাখ্যা Tropical geomorphology
Sub title | উপঅাখ্যা a study of weathering and landform development in warm climates
Statement of responsibility | লেখকের দায়িত্বের বিবরণ Michael Thomas
260 ## - IMPRINT | প্রকাশনা ক্ষেত্র
Place of publication | প্রকাশ স্থান London
Name of publisher | প্রকাশকের নাম MacMillan Press
Date of publication | প্রকাশ কাল 1974
300 ## - PHYSICAL DESCRIPTION |
Page / Vol. No | পৃষ্ঠা / খন্ড সংখ্যা xii , 332p
Other physical details | অনান্য বাহ্যিক বিবরণ ill.43 figures
504 ## - BIBLIOGRAPHY, ETC. NOTE
Bibliography, etc Include bibliographical references and index
650 ## - SUBJECT ADDED ENTRY--TOPICAL TERM | বিষয় শিরোনাম - মূল বিষয়
Topical term | মূল বিষয় Geomorphology
651 ## - SUBJECT ADDED ENTRY--GEOGRAPHIC NAME | বিষয় শিরোনাম - ভৌগলিক নাম
Geographic name | ভৌগলিক বিষয় Geology - Geomorphology , Hydrosphere
850 ## - HOLDING INSTITUTION
Holding institution LCLIB/551.4/THO
942 ## - ADDED ENTRY ELEMENTS (KOHA)
Koha item type Books
Holdings
Withdrawn status Lost status Damaged status Not for loan Home library Current library Date acquired Total Checkouts Full call number Accession No. Date last seen Date checked out Price effective from Koha item type
        Loreto College Loreto College 04/11/2013 2 551.4/THO LCLIB/23,879 B302 11/01/2016 06/01/2016 04/11/2013 Books